00505nam a2200193 a 4500001001300000003000900013005001700022008004100039020001000080082001400090100001900104245005300123260004700176300000800223500003500231505001000266650001600276700001900292nice12345678IN_TiNIC20260116011318.0050524s1920 mada grp 000 0 eng  ac10000a239bGAR1 aGardner, W R W aChristianity and Muhammadanism, and Other Tracts aMadrasbChristian Literature Societyc1920 a66p aincludes index and biblioraphy2 aIndex aApologetics1 aGardner, W R W